Busiest 25 UK and Ireland Airports - Statistics

General Stats
  • This quiz has been taken 1,692 times
  • The average score is 17 of 25
Answer Stats
# Answer % Correct
5 Manchester
94%
3 Dublin
92%
9 Glasgow
91%
13 Belfast
90%
8 Edinburgh
89%
7 Birmingham
86%
12 Liverpool
86%
1 London Heathrow
83%
2 London Gatwick
81%
14 Newcastle
76%
17 Cork
74%
4 London Stansted
74%
22 Cardiff
73%
19 Leeds Bradford
72%
10 Bristol
71%
6 London Luton
70%
15 Aberdeen
64%
16 London City
63%
23 Southampton
56%
18 Shannon
53%
11 East Midlands
45%
25 Bournemouth
23%
24 Jersey
17%
20 Belfast City
14%
21 Prestwick
14%
No matching quizzes found
Score Distribution
Percent of People with Each Score
Percentile by Number Answered
Your Score History
You have not taken this quiz